Statystyki dla Dopasuj rzekę do miasta #2

Kliknij tutaj aby rozwiązać quiz!

Ogólne statystyki

  • Ten quiz został rozwiązany 98 razy
  • Średni wynik to 9 z 15

Statystyki odpowiedzi

ZagadnienieOdpowiedź% Poprawnych
Gdzie znajduje się rzeka Dniepr?Kijów
93%
Gdzie leży rzeka Wołga?Saratów
92%
Gdzie leży rzeka Niemen?Kowno
89%
Gdzie leży rzeka Ren?Kolonia
88%
W jakim mieście znajduje się rzeka Murray?Adelaide
78%
Gdzie znajduje się rzeka Parana?Brazylia
70%
Gdzie leży rzeka Tyber?Rzym
68%
Gdzie znajduje się rzeka Carraixet?Walencja
59%
Gdzie znajduje się rzeka Saona?Lyon
58%
Gdzie leży rzeka Aare?Berno
48%
Gdzie znajduje się rzeka Dźwina?Ryga
42%
Gdzie znajduje się rzeka Alzette?Luksemburg
31%
Gdzie znajduje się rzeka Lana?Tirana
26%
Gdzie leży rzeka Liffey?Dublin
25%
Gdzie leży rzeka IJ?Amsterdam
17%

Rozkład punktacji

Percentyl według liczby udzielonych odpowiedzi

Procent ludzi z każdym wynikiem

Twoja historia wyników

Nie rozwiązałeś tego quizu